Administratívna budova - monolitická železobetónová konštrukcia

Enregistré dans:
Détails bibliographiques
Auteur principal: Makarenko, Darya (Auteur)
Autres auteurs: Sonnenschein, Róbert (Directeur de thèse)
Format: Manuscrit Livre
Langue:slovaque
Publié: 2025
Sujets:
Accès en ligne:http://is.stuba.sk/zp/portal_zp.pl?podrobnosti=185518
CRZP
Tags: Ajouter un tag
Pas de tags, Soyez le premier à ajouter un tag!

MARC

LEADER 00000ntm a22000003a 4500
001 stuzp104605
003 SK-STU
005 20250728135521.5
007 ta
008 150427s2015----xo-----f-mn---000-0-slo-d
040 |a STU  |b slo 
041 0 |a slo 
100 1 |a Makarenko, Darya  |u 010110  |4 aut  |U SvF Stavebná fakulta  |T SvF Katedra betónových konštrukcií a mostov  |X 105636  |U V110  |Y 11  |7 105636 
242 0 1 |a Office Building - monolithic reinforced conrete structure  |y eng 
245 1 0 |a Administratívna budova - monolitická železobetónová konštrukcia 
260 |c 2025 
650 4 |a inclined columns  |2 eng 
650 4 |a walls  |2 eng 
650 4 |a administrative building  |2 eng 
650 4 |a locally supported slab  |2 eng 
650 4 |a stužujúce jadro  |2 slo 
650 4 |a výstuž stropnej dosky  |2 slo 
650 4 |a lokálne podopretá doska  |2 slo 
650 4 |a šikmé stĺpy  |2 slo 
650 4 |a administratívna budova  |2 slo 
700 1 |a Sonnenschein, Róbert  |u 010110  |k Z1  |4 ths  |U SvF Stavebná fakulta  |T SvF Katedra betónových konštrukcií a mostov  |X 28824  |U V110  |Y 11  |7 A000028824 
856 4 |u http://is.stuba.sk/zp/portal_zp.pl?podrobnosti=185518 
856 4 |u https://opac.crzp.sk/?fn=detailBiblioForm&sid=809C367C54749DCAA342ADFF7E5A  |z CRZP